सम्भावनाओं के पार / (Record no. 87409)

MARC details
000 -LEADER
fixed length control field 00848nam a22002177a 4500
005 - DATE AND TIME OF LATEST TRANSACTION
control field 20140724113009.0
010 ## - LCCN (DPL NO)
LC control number HIN-102996
020 ## - INTERNATIONAL STANDARD BOOK NUMBER
Terms of availability 225.00
International Standard Book Number 9788188080366
035 ## - SYSTEM CONTROL NUMBER
System control number HN-75342
037 ## - SOURCE OF ACQUISITION
Source of stock number/acquisition DBAD / PUB
082 ## - DEWEY DECIMAL CLASSIFICATION NUMBER
Classification number 821
100 ## - MAIN ENTRY--PERSONAL NAME
Personal name पचौरी, आनन्द
245 ## - TITLE STATEMENT
Title सम्भावनाओं के पार /
Statement of responsibility, etc आनन्द पचौरी
246 ## - VARYING FORM OF TITLE
Title proper/short title Sambhavanaon ke paar
Remainder of title by Anand Pachouri
260 ## - PUBLICATION, DISTRIBUTION, ETC. (IMPRINT)
Place of publication, distribution, etc दिल्ली
Name of publisher, distributor, etc नेहा प्रकाशन
Date of publication, distribution, etc 2012
270 ## - ADDRESS
Address 295, बैंक इंक्लेव, लक्ष्मीनगर
City दिल्ली
Postal code 110092
Telephone number 09868178918
300 ## - PHYSICAL DESCRIPTION
Extent 141पृ.
Dimensions 22सेमी (सजिल्द)
650 ## - SUBJECT ADDED ENTRY--TOPICAL TERM
Topical term or geographic name as entry element हिन्दी कविताएँ
650 ## - SUBJECT ADDED ENTRY--TOPICAL TERM
Topical term or geographic name as entry element Hindi Poerty
942 ## - ADDED ENTRY ELEMENTS (KOHA)
Source of classification or shelving scheme Dewey Decimal Classification
Item type Hindi Books
Classification part 821
Call number suffix पचौरी
Holdings
Withdrawn status Lost status Not for loan Collection code Home library Current library Date acquired Source of acquisition Cost, normal purchase price Full call number Barcode Copy number Cost, replacement price Koha item type
    Not For Loan Non-fiction D.B.Act.Division D.B.Act.Division 24/07/2014 DBAD / PUB 225.00 821 पचौरी HN-75342 1 225.00 Hindi Books

© Delhi Public Library
Hit Counter
free hit counter